Vranov nad Topľou (z činnosti knižníc)

Bibliographic Details
Main Author: Matiková, Eva (Author)
Format: Article
Language:Slovak
Subjects:

MARC

LEADER 00000nab a2200000 a 4500
001 vtls010091894
003 SK-MaSNL
005 20260304213003.0
008 250507c1974 xo mr|p|||||||000 b|slo
015 |a SNBRB1974  |2 snkbucl 
035 |a (uuid)ab1395e7-c85a-4037-a651-2ffea6748d59 
035 |a urn:nbn:sk:snk-abc5w9 
035 |a (urnnbn)urn:nbn:sk:snk:ar-0033lf 
038 |a SNKBUCL 
040 |a SNKBUCL  |b slo  |c SNKBUCL  |e AACR2 
041 0 |a slo 
044 |a xo  |c SK 
080 |a 027.52  |2 2001 
100 1 |a Matiková, Eva  |4 aut  |9 1545522 
245 1 0 |a Vranov nad Topľou  |b (z činnosti knižníc)  |c Eva Matiková 
650 0 7 |a verejné knižnice  |2 snkbucl  |9 28929 
651 7 |a Slovensko  |2 snkbucl 
773 0 |t Čitateľ  |g Roč. 23, č. 2 (1974), s. 71-72 
850 |a Slovenská národná knižnica 
852 |a Slovenská národná knižnica 
954 |a odborná, vedecká literatúra pôvodná (slovenská)  |2 lita 
958 |a article15 
958 |a OND 
958 |a KL 
958 |a EUIPO 
999 |c 3133721  |d 3135651